00757nam a2200181 4500001000700000003000900007005001700016007000300033008004100036100003600077245009200113260010100205300004900306710004900355852003100404999001900435952012100454118331ES-MaACL20250823063103.0t|070214n19351945sp r ||||1| spa d1 aPardo, Luis, d1897-195898900110aAstacicultura elemental b: el cangrejo : cultivo, pesca y comercio / cpor Luis Pardo. aMadrid : bMinisterio de Agricultura, Sección de Publicaciones, Prensa y Propaganda, c[19__?] a174 p. : bil. ; c16 cm + e3 gráf. pleg.1 aEspaña. bMinisterio de Agricultura.93837 aES-MaACLjD-7515 bR.29751 c118331d118331 00104070aATENEOMbATENEOMcSVId2008-01-17eSCl0oD-7515p901123361r2023-02-23 00:00:00w2023-02-23yMONOGRAFIA